000 00297nam a2200121Ia 4500
008 191201s2015 xx 000 0 und d
100 _aMURTY, J.V.S
245 0 _aWatershed Management
260 _aN. Delhi
_bNew Age International
_c2015
300 _a234
650 _aB.Tech(CE)
942 _2ddc
_cBK
999 _c6175
_d6175